[Event "World Blitz 2015"]
[Site "Berlin GER"]
[Date "2015.10.14"]
[Round "20.36"]
[White "Inarkiev, Ernesto"]
[Black "Morozevich, Alexander"]
[Result "0-1"]
[WhiteTitle "GM"]
[BlackTitle "GM"]
[WhiteElo "2660"]
[BlackElo "2711"]
[WhiteFideId "4162722"]
[BlackFideId "4116992"]
[EventDate "2015.10.13"]

1. d4 Nf6 2. c4 e6 3. Nf3 Bb4+ 4. Bd2 a5 5. g3 b6 6. Bg2 Bb7 7. O-O O-O 8. Nc3
d6 9. d5 Re8 10. Nd4 e5 11. Nc2 Bxc3 12. Bxc3 e4 13. Ne3 Nbd7 14. Qc2 Nc5 15. b3
Bc8 16. a3 a4 17. b4 Nb3 18. Rad1 Qe7 19. Rde1 Ng4 20. Nxg4 Bxg4 21. f3 Bf5 22.
g4 exf3 23. gxf5 fxg2 24. Rf3 Qe4 25. Qb2 f6 26. Rg3 Kf7 27. e3 Re7 28. Qe2 Rg8
29. Qh5+ Kf8 30. Qxh7 Rf7 31. Rxg2 Qxc4 32. Bb2 Qxd5 33. e4 Qd3 34. Rg3 Qd2 35.
Rf1 Qxb2 36. h4 Qd2 37. Rg2 Qh6 0-1

[Event "World Blitz 2015"]
[Site "Berlin GER"]
[Date "2015.10.14"]
[Round "20.37"]
[White "Bruzon Batista, Lazaro"]
[Black "Kryvoruchko, Yuriy"]
[Result "1-0"]
[WhiteTitle "GM"]
[BlackTitle "GM"]
[WhiteElo "2659"]
[BlackElo "2710"]
[WhiteFideId "3503739"]
[BlackFideId "14109182"]
[EventDate "2015.10.13"]

1. d4 Nf6 2. c4 e6 3. Nf3 b6 4. e3 Bb7 5. Bd3 d5 6. cxd5 exd5 7. b3 Bd6 8. Ba3
c5 9. O-O O-O 10. Nc3 a6 11. Rc1 Nbd7 12. Bf5 Qe7 13. Bxd7 Nxd7 14. dxc5 Bxc5
15. Nxd5 Bxd5 16. Bxc5 Nxc5 17. Qxd5 Rfd8 18. Qc4 Ne4 19. Qc2 a5 20. Nd4 Re8 21.
h3 g6 22. Rfd1 Qf6 23. Nf3 Nc5 24. Rd4 Rac8 25. Rcd1 Ne6 26. Rc4 Rcd8 27. Nd4
Nc5 28. Ne2 Ne6 29. Nc3 Rxd1+ 30. Qxd1 Rd8 31. Qc2 Nc5 32. Ne4 Qa1+ 33. Kh2 Nd3
34. Rc8 Rxc8 35. Qxc8+ Kg7 36. f4 Qxa2 37. Qc3+ 1-0

[Event "World Blitz 2015"]
[Site "Berlin GER"]
[Date "2015.10.14"]
[Round "20.38"]
[White "Cheparinov, Ivan"]
[Black "Moiseenko, Alexander"]
[Result "1-0"]
[WhiteTitle "GM"]
[BlackTitle "GM"]
[WhiteElo "2681"]
[BlackElo "2692"]
[WhiteFideId "2905540"]
[BlackFideId "14102560"]
[EventDate "2015.10.13"]

1. d4 Nf6 2. c4 e6 3. Nf3 Bb4+ 4. Nbd2 b6 5. a3 Bxd2+ 6. Qxd2 Bb7 7. e3 O-O 8.
Be2 d6 9. b4 Nbd7 10. Bb2 Ne4 11. Qc2 f5 12. O-O Rf6 13. d5 Rg6 14. Nd4 Nf8 15.
f3 Qg5 16. g4 Qxe3+ 17. Kg2 Nf6 18. Qd3 Qh6 19. Bc1 Qh4 20. Bf4 fxg4 21. Bg3
Qh3+ 22. Kg1 exd5 23. Nf5 Re8 24. Rae1 dxc4 25. Qxc4+ Bd5 26. Qd3 gxf3 27. Bxf3
Bxf3 28. Qxf3 Rxe1 29. Rxe1 Rg5 30. Ne7+ Kh8 31. Qa8 Rxg3+ 32. hxg3 Qxg3+ 33.
Kf1 Qf4+ 34. Kg2 Ng4 35. Qf3 Qxf3+ 36. Kxf3 Ne5+ 37. Ke4 Nfd7 38. Rc1 c5 39.
bxc5 bxc5 40. Rd1 g6 41. Rxd6 Kg7 42. Nc6 Nxc6 43. Rxd7+ Kh6 44. Rc7 Nd4 45.
Rxc5 Ne6 46. Ra5 Ng5+ 47. Ke3 Ne6 48. Rxa7 Kh5 49. a4 Kg4 50. Rxh7 g5 51. a5 Nc5
52. Rc7 Na6 53. Rc6 Nb4 54. Rc4+ 1-0

[Event "World Blitz 2015"]
[Site "Berlin GER"]
[Date "2015.10.14"]
[Round "20.39"]
[White "Bocharov, Dmitry"]
[Black "Schneider, Ilja"]
[Result "1-0"]
[WhiteTitle "GM"]
[BlackTitle "IM"]
[WhiteElo "2560"]
[BlackElo "2481"]
[WhiteFideId "4138716"]
[BlackFideId "4663306"]
[EventDate "2015.10.13"]

1. e4 Nc6 2. d4 d5 3. e5 f6 4. f4 Bf5 5. Nf3 Qd7 6. c3 Nh6 7. Be3 e6 8. Nbd2 Be7
9. Be2 O-O 10. h3 fxe5 11. fxe5 Bg6 12. O-O Nf5 13. Bf2 Qd8 14. Nb3 b6 15. Bb5
Nb8 16. Rc1 a6 17. Bd3 Nd7 18. c4 c6 19. cxd5 cxd5 20. Rc6 Rc8 21. Rxe6 Kf7 22.
Rxg6 hxg6 23. g4 Nh6 24. Be3 Kg8 25. Bxg6 Qc7 26. Bb1 Qc4 27. Bd3 Qa4 28. Qb1
Rc6 29. g5 Nf7 30. Bh7+ Kh8 31. Bf5 Nd8 32. Bxd7 Qc4 33. Bxc6 Qxc6 34. Nh4 Rxf1+
35. Qxf1 Qe6 36. Qf5 Kg8 37. Kg2 Bf8 38. Qxe6+ Nxe6 39. g6 Be7 40. Nf5 Bd8 41.
h4 1-0

[Event "World Blitz 2015"]
[Site "Berlin GER"]
[Date "2015.10.14"]
[Round "20.40"]
[White "Bauer, Christian"]
[Black "Pavlidis, Antonios"]
[Result "1-0"]
[WhiteTitle "GM"]
[BlackTitle "GM"]
[WhiteElo "2623"]
[BlackElo "2522"]
[WhiteFideId "603767"]
[BlackFideId "4212312"]
[EventDate "2015.10.13"]

1. d4 Nf6 2. Nf3 e6 3. Bf4 d5 4. e3 c5 5. c3 Nc6 6. Nbd2 Bd6 7. Bg3 O-O 8. Bd3
b6 9. Ne5 Bb7 10. Qb1 h6 11. O-O Bxe5 12. dxe5 Nd7 13. f4 d4 14. Ne4 dxc3 15.
bxc3 Ne7 16. Nd6 Bc6 17. Bh4 f6 18. Qb3 Bd5 19. c4 Bc6 20. Bc2 g5 21. Bg3 f5 22.
e4 gxf4 23. Bxf4 Ng6 24. Bxh6 Ndxe5 25. exf5 Qxd6 26. fxg6 Qd4+ 27. Kh1 Ng4 28.
Bxf8 Nf2+ 29. Rxf2 Qxa1+ 30. Qb1 Qxb1+ 31. Bxb1 Rd8 32. Bc2 Rxf8 33. Rxf8+ Kxf8
34. h4 Kg7 35. Kh2 e5 36. g4 e4 37. h5 e3 38. Kg3 e2 39. Kf2 Bf3 40. Bf5 a6 41.
a4 a5 42. Be6 Kf6 43. Bd7 Kg7 44. Bf5 Bc6 45. g5 Bxa4 46. h6+ Kf8 47. g7+ 1-0

[Event "World Blitz 2015"]
[Site "Berlin GER"]
[Date "2015.10.14"]
[Round "20.42"]
[White "Grandelius, Nils"]
[Black "Demuth, Adrien"]
[Result "1-0"]
[WhiteTitle "GM"]
[BlackTitle "GM"]
[WhiteElo "2647"]
[BlackElo "2545"]
[WhiteFideId "1710400"]
[BlackFideId "642274"]
[EventDate "2015.10.13"]

1. e4 e5 2. Nf3 d6 3. d4 exd4 4. Nxd4 Nf6 5. Nc3 Be7 6. Bd3 O-O 7. O-O Re8 8.
Bd2 Nbd7 9. Nf5 Bf8 10. Bg5 Ne5 11. Nd5 Bxf5 12. Bxf6 gxf6 13. exf5 c6 14. Nf4
Bh6 15. Nh3 Qe7 16. Qh5 Qf8 17. Rae1 Kh8 18. Qh4 Qg7 19. Kh1 Rg8 20. Rg1 Rae8
21. Rd1 d5 22. Be2 Bg5 23. Qh5 Bh6 24. Rd4 b5 25. a4 a6 26. axb5 axb5 27. b3 Re7
28. Rh4 Bg5 29. Nxg5 fxg5 30. f6 Qg6 31. fxe7 gxh4 32. Qxe5+ 1-0

[Event "World Blitz 2015"]
[Site "Berlin GER"]
[Date "2015.10.14"]
[Round "20.43"]
[White "Piorun, Kacper"]
[Black "Perunovic, Milos"]
[Result "0-1"]
[WhiteTitle "GM"]
[BlackTitle "GM"]
[WhiteElo "2609"]
[BlackElo "2622"]
[WhiteFideId "1130420"]
[BlackFideId "921629"]
[EventDate "2015.10.13"]

1. Nf3 d5 2. g3 Nc6 3. d4 Bg4 4. Bg2 e6 5. O-O Bd6 6. c4 Nf6 7. Bg5 dxc4 8. Nbd2
h6 9. Bxf6 Qxf6 10. Nxc4 O-O 11. e3 e5 12. h3 Bxf3 13. Qxf3 Qxf3 14. Bxf3 exd4
15. exd4 Nxd4 16. Bxb7 Rab8 17. Bg2 Bc5 18. Rad1 f5 19. Ne5 Rbd8 20. Nd3 Bb6 21.
Nf4 g5 22. Nd5 f4 23. gxf4 Ne2+ 24. Kh2 Nxf4 25. Nxf4 Rxd1 26. Rxd1 Rxf4 27. f3
Rc4 28. Rd2 Be3 29. Bf1 Rc1 30. Rd8+ Kg7 31. Bd3 h5 32. Kg2 h4 33. Be4 Rg1+ 34.
Kh2 Ra1 35. Rd7+ Kf6 36. Bd5 Rb1 37. b3 Rb2+ 38. Kh1 Bf4 39. a4 Rh2+ 40. Kg1
Rxh3 41. Rf7+ Kg6 42. Be6 Rxf3 43. Rd7 Re3 44. Bc4 h3 45. Bd3+ Kf6 46. Bc4 g4
47. Rh7 Bg3 48. Bf1 Rxb3 49. a5 Rb2 50. a6 c5 51. Rxa7 Bf2+ 52. Kh1 Rb1 53. Rb7
Rxf1+ 54. Kh2 Ra1 55. a7 Bd4 56. Kg3 Be5+ 57. Kxg4 h2 58. Rh7 Rxa7 59. Rxa7 h1=Q
60. Ra6+ Ke7 0-1

[Event "World Blitz 2015"]
[Site "Berlin GER"]
[Date "2015.10.14"]
[Round "20.44"]
[White "Belov, Vladimir"]
[Black "Fridman, Daniel"]
[Result "1-0"]
[WhiteTitle "GM"]
[BlackTitle "GM"]
[WhiteElo "2614"]
[BlackElo "2649"]
[WhiteFideId "4132394"]
[BlackFideId "11600454"]
[EventDate "2015.10.13"]

1. d4 d5 2. c4 e6 3. Nc3 Be7 4. Nf3 Nf6 5. g3 O-O 6. Bg2 dxc4 7. Ne5 Nbd7 8.
Nxc4 Nb6 9. Ne5 c5 10. dxc5 Qxd1+ 11. Nxd1 Bxc5 12. O-O Bd6 13. Nd3 Rb8 14. a4
Bd7 15. a5 Nc4 16. b3 Ne5 17. Bf4 Nfg4 18. h3 g5 19. Bxg5 Nxd3 20. exd3 f6 21.
Bd2 Ne5 22. d4 Nd3 23. Be4 Nb4 24. Ne3 Bc6 25. Nc4 Be7 26. Rfe1 Bxe4 27. Rxe4
Kf7 28. Rae1 Rfd8 29. Rxe6 Bf8 30. Bxb4 Bxb4 31. R1e4 Rd5 32. g4 Rbd8 33. Ne3
Rxd4 34. Nf5 Rxe4 35. Rxe4 Bf8 36. Rc4 Rd7 37. Kg2 Kg6 38. Rc8 Kf7 39. Rc4 Kg6
40. b4 Rd5 41. Ne3 Rb5 42. Nc2 Bd6 43. Kf3 Kf7 44. Ke4 Re5+ 45. Kd3 h5 46. Ne3
hxg4 47. hxg4 Rb5 48. Kc3 Re5 49. Kb3 Kg6 50. Rd4 Bf8 51. Kc4 b5+ 52. axb6 axb6
53. Nd5 Re1 54. Nxb6 Rf1 55. f4 Rg1 56. Nd7 Bxb4 57. Kxb4 Rxg4 58. Nb6 Kf5 59.
Nd5 Rg1 60. Kc5 Re1 61. Ra4 Re2 62. Kd6 Re6+ 63. Kc5 Kg4 64. Rb4 Kf5 65. Rb6 Re8
66. Rxf6+ Ke4 67. Rd6 Rc8+ 68. Rc6 Rd8 69. Re6+ Kf5 70. Re5+ Kg6 71. Kd4 Kf7 72.
Ke4 Rd7 73. Kf5 Ra7 74. Nf6 Ra6 75. Ne4 Kg7 76. Rb5 Ra7 77. Ng5 Rd7 78. Rc5 Ra7
79. Rc7+ 1-0

[Event "World Blitz 2015"]
[Site "Berlin GER"]
[Date "2015.10.14"]
[Round "20.46"]
[White "Bacrot, Etienne"]
[Black "Bologan, Viktor"]
[Result "1-0"]
[WhiteTitle "GM"]
[BlackTitle "GM"]
[WhiteElo "2697"]
[BlackElo "2607"]
[WhiteFideId "605506"]
[BlackFideId "13900048"]
[EventDate "2015.10.13"]

1. e4 c6 2. Nf3 d5 3. Nc3 Bg4 4. h3 Bxf3 5. Qxf3 e6 6. d4 dxe4 7. Qxe4 Nf6 8.
Qd3 Nbd7 9. g3 Be7 10. Bg2 O-O 11. O-O Qb6 12. b3 Rad8 13. Bb2 Qa5 14. Rfd1 Ba3
15. Bxa3 Qxa3 16. Ne2 a5 17. h4 h6 18. Qd2 Nb6 19. Qc1 Qxc1 20. Raxc1 a4 21. Rb1
Rd7 22. c3 Ra8 23. b4 Nfd5 24. b5 Rc7 25. bxc6 bxc6 26. Bxd5 Nxd5 27. c4 Ne7 28.
Nc3 a3 29. Rb3 h5 30. Nb1 Ra4 31. Rc1 Nf5 32. Rxa3 Rxa3 33. Nxa3 Nxd4 34. Kf1
Ra7 35. Nc2 Nf3 36. Nb4 c5 37. Nd3 Nd2+ 38. Kg2 Ne4 39. Rc2 Ra3 40. Nc1 Nc3 41.
Kf1 Kf8 42. Ke1 Ke7 43. f3 Kd6 44. Kd2 Nb1+ 45. Ke2 Kc6 46. Nb3 Rxa2 47. Kd3 Ra7
48. Rb2 Ra4 49. Rxb1 Ra2 50. Nd2 Ra3+ 51. Ke2 f6 52. Rb5 g5 53. Ne4 Ra2+ 54. Ke3
Ra3+ 55. Ke2 Ra2+ 56. Kf1 Ra3 57. Rxc5+ Kb6 58. Rb5+ Kc6 59. Ke2 Ra2+ 60. Nd2
gxh4 61. gxh4 1-0

[Event "World Blitz 2015"]
[Site "Berlin GER"]
[Date "2015.10.14"]
[Round "20.47"]
[White "Romanov, Evgeny"]
[Black "Postny, Evgeny"]
[Result "0-1"]
[WhiteTitle "GM"]
[BlackTitle "GM"]
[WhiteElo "2573"]
[BlackElo "2658"]
[WhiteFideId "4148843"]
[BlackFideId "2804344"]
[EventDate "2015.10.13"]

1. Nf3 d5 2. c4 c6 3. e3 Nf6 4. b3 Bg4 5. Bb2 e6 6. h3 Bh5 7. g4 Bg6 8. Ne5 Nbd7
9. Nxg6 hxg6 10. Bg2 Bd6 11. d3 Be5 12. d4 Bd6 13. Nd2 Qe7 14. c5 Bc7 15. g5 Nh5
16. f4 Ng3 17. Rg1 Nf5 18. Qe2 b6 19. b4 a5 20. a3 O-O 21. Kf2 Rfb8 22. Bc3 axb4
23. axb4 Rxa1 24. Rxa1 bxc5 25. bxc5 Nxc5 26. dxc5 Bxf4 27. Nf1 Qxc5 28. Rc1 d4
29. Bd2 dxe3+ 30. Nxe3 Qa7 31. Rc4 Bxe3+ 32. Bxe3 Nxe3 0-1

[Event "World Blitz 2015"]
[Site "Berlin GER"]
[Date "2015.10.14"]
[Round "20.49"]
[White "Bok, Benjamin"]
[Black "Lagno, Kateryna"]
[Result "1-0"]
[WhiteTitle "GM"]
[BlackTitle "GM"]
[WhiteElo "2591"]
[BlackElo "2523"]
[WhiteFideId "1017063"]
[BlackFideId "14109336"]
[EventDate "2015.10.13"]

1. e4 e5 2. Nf3 Nc6 3. Bb5 a6 4. Ba4 Nf6 5. O-O Be7 6. d3 b5 7. Bb3 d6 8. a4 b4
9. a5 O-O 10. Nbd2 Be6 11. Nc4 h6 12. h3 Rb8 13. Be3 Re8 14. Re1 Bf8 15. Bd2 g6
16. c3 bxc3 17. bxc3 Bg7 18. Qc2 Na7 19. Ba4 Bd7 20. Ne3 Bxa4 21. Qxa4 d5 22.
exd5 Nxd5 23. Ng4 e4 24. dxe4 Nxc3 25. Qc4 Nxe4 26. Nxh6+ Bxh6 27. Bxh6 Nb5 28.
Rxe4 Qf6 29. Rae1 Rxe4 30. Qxe4 Nd6 31. Qe5 Qxe5 32. Rxe5 Rb1+ 33. Kh2 Nc4 34.
Rc5 1-0

[Event "World Blitz 2015"]
[Site "Berlin GER"]
[Date "2015.10.14"]
[Round "20.50"]
[White "Stefansson, Hannes"]
[Black "Zhang, Zhong"]
[Result "1/2-1/2"]
[WhiteTitle "GM"]
[BlackTitle "GM"]
[WhiteElo "2602"]
[BlackElo "2619"]
[WhiteFideId "2300087"]
[BlackFideId "8600694"]
[EventDate "2015.10.13"]

1. d4 d6 2. e4 Nf6 3. Nc3 c6 4. h3 Qa5 5. Bd3 e5 6. Nf3 Be7 7. O-O O-O 8. Bd2
Qc7 9. Ne2 Re8 10. Ng3 Bf8 11. Bg5 Nbd7 12. c3 h6 13. Be3 g6 14. Qd2 Kh7 15.
Rad1 Bg7 16. dxe5 dxe5 17. Bc4 Nb6 18. Bb3 Be6 19. Bc5 Rad8 20. Qe2 Nc8 21. Bxe6
Rxe6 22. Rxd8 Qxd8 23. Rd1 Qc7 24. h4 b6 25. Be3 Rd6 26. h5 Qd8 27. hxg6+ fxg6
28. Rxd6 Qxd6 29. Nd2 b5 30. a4 a6 31. Nb3 Nd7 32. axb5 axb5 33. Qd2 Qxd2 34.
Bxd2 h5 35. f3 Bh6 36. Bxh6 Kxh6 37. Kf2 Ndb6 38. Na5 Ne7 39. Ne2 g5 40. b3 Kg6
41. c4 bxc4 42. bxc4 Na4 43. Nc1 Nc5 44. Ke3 Kf6 45. Ncb3 Ne6 46. g3 h4 47. Kf2
Ng7 48. Nc5 Nh5 49. gxh4 gxh4 50. Nd7+ Ke6 51. Nf8+ Kf7 52. Nd7 Ke6 53. Nf8+ Kf7
54. Nd7 Ke6 55. Nf8+ 1/2-1/2

[Event "World Blitz 2015"]
[Site "Berlin GER"]
[Date "2015.10.14"]
[Round "20.51"]
[White "Bindrich, Falko"]
[Black "Vallejo Pons, Francisco"]
[Result "0-1"]
[WhiteTitle "GM"]
[BlackTitle "GM"]
[WhiteElo "2594"]
[BlackElo "2684"]
[WhiteFideId "4676670"]
[BlackFideId "2205530"]
[EventDate "2015.10.13"]

1. d4 f5 2. Nf3 Nf6 3. g3 g6 4. Bg2 Bg7 5. O-O O-O 6. b3 b6 7. Bb2 Bb7 8. c4 e6
9. Nbd2 a5 10. a3 Na6 11. Qc2 Qe7 12. Rad1 d6 13. Qb1 Rae8 14. Ba1 c5 15. Bc3
Qc7 16. Qb2 Nb8 17. a4 Nc6 18. Nb1 e5 19. Na3 Ne4 20. Nb5 Qe7 21. Nd2 Nxc3 22.
Nxc3 e4 23. e3 Nb4 24. Ndb1 Be5 25. Qd2 Rd8 26. Nd5 Nxd5 27. cxd5 Ba6 28. dxc5
bxc5 29. Rfe1 Rb8 30. Qxa5 Bd3 31. Na3 Rxb3 32. Nb5 Qb7 33. Bf1 Ra8 34. Qd2 Rxa4
35. f4 Rb2 36. Qc1 Qxb5 37. fxe5 Bxf1 38. exd6 Raa2 0-1

[Event "World Blitz 2015"]
[Site "Berlin GER"]
[Date "2015.10.14"]
[Round "20.52"]
[White "Hjartarson, Johann"]
[Black "Hausrath, Daniel"]
[Result "1/2-1/2"]
[WhiteTitle "GM"]
[BlackTitle "GM"]
[WhiteElo "2529"]
[BlackElo "2503"]
[WhiteFideId "2300044"]
[BlackFideId "4617495"]
[EventDate "2015.10.13"]

1. c4 Nf6 2. Nc3 g6 3. e4 d6 4. d4 Bg7 5. Nf3 O-O 6. Be2 c5 7. O-O cxd4 8. Nxd4
Nc6 9. Be3 Bd7 10. Qd2 a5 11. b3 a4 12. f3 Qa5 13. Rab1 Nxd4 14. Bxd4 axb3 15.
axb3 Rfc8 16. Rfd1 Bc6 17. b4 Qd8 18. Ra1 b6 19. Qb2 Nh5 20. Bxg7 Nxg7 21. Bf1
Ne6 22. Nd5 Bxd5 23. cxd5 Nf8 24. Bb5 Nd7 25. Bc6 Rxa1 26. Rxa1 Ne5 27. b5 e6
28. Ra7 Rc7 29. Rxc7 Qxc7 30. f4 Nd3 31. Qd2 Nc5 32. dxe6 fxe6 33. Qa2 Qd8 34.
g3 Qf6 35. Qa8+ Kg7 36. Qa7+ Kh6 37. Qxb6 Qd4+ 38. Kg2 Qd2+ 39. Kh3 Nd3 40. Qd8
Nxf4+ 41. gxf4 Qe3+ 42. Kg4 Qe2+ 43. Kg3 Qe3+ 44. Kg4 1/2-1/2

[Event "World Blitz 2015"]
[Site "Berlin GER"]
[Date "2015.10.14"]
[Round "20.53"]
[White "Kunin, Vitaly"]
[Black "Akopian, Vladimir"]
[Result "0-1"]
[WhiteTitle "GM"]
[BlackTitle "GM"]
[WhiteElo "2556"]
[BlackElo "2648"]
[WhiteFideId "4128737"]
[BlackFideId "13300032"]
[EventDate "2015.10.13"]

1. d3 d5 2. Nf3 Nf6 3. Nbd2 c5 4. e4 Nc6 5. c3 g6 6. g3 Bg7 7. Bg2 dxe4 8. dxe4
O-O 9. O-O h6 10. Re1 Be6 11. Qc2 Qb6 12. Nf1 Rad8 13. h3 c4 14. Be3 Qa6 15. Nd4
Ne5 16. Red1 Bc8 17. f4 Nd3 18. b3 e5 19. Ne2 exf4 20. gxf4 Rfe8 21. Nfg3 Nd5
22. Bd2 Qb6+ 23. Kh2 Ne3 24. Bxe3 Qxe3 25. bxc4 Nxf4 26. Nxf4 Qxf4 27. Rxd8 Rxd8
28. Rf1 Qc7 29. Rf3 Be5 30. Qf2 Rd1 31. Bf1 h5 32. Kg2 Be6 33. c5 Ra1 34. c4 Qa5
35. a3 Rxa3 36. Rxa3 Qxa3 37. Ne2 Bxc4 38. Nf4 Bxf1+ 39. Qxf1 Qxc5 40. Nd5 Qc2+
41. Kf3 f5 42. exf5 Qxf5+ 43. Kg2 Qxf1+ 44. Kxf1 Kf7 0-1

[Event "World Blitz 2015"]
[Site "Berlin GER"]
[Date "2015.10.14"]
[Round "20.55"]
[White "Lenic, Luka"]
[Black "Svane, Rasmus"]
[Result "1-0"]
[WhiteTitle "GM"]
[BlackTitle "IM"]
[WhiteElo "2639"]
[BlackElo "2543"]
[WhiteFideId "14603853"]
[BlackFideId "4657101"]
[EventDate "2015.10.13"]

1. Nf3 Nf6 2. g3 b6 3. Bg2 Bb7 4. O-O g6 5. d3 Bg7 6. e4 d6 7. Re1 O-O 8. Nc3 e5
9. d4 Nbd7 10. a4 a5 11. d5 Nc5 12. Bg5 h6 13. Bd2 Ne8 14. Nh4 Kh7 15. Be3 Bf6
16. Nf3 Bg7 17. h4 Bc8 18. h5 g5 19. Nh2 f5 20. exf5 Bxf5 21. Bxc5 bxc5 22. Be4
Qd7 23. Qd3 Kg8 24. Bxf5 Rxf5 25. Ne4 Nf6 26. Nxf6+ Rxf6 27. Qe4 Raf8 28. Ng4
Rf3 29. Re3 Rxe3 30. Nxe3 Qf7 31. Rf1 Qxh5 32. Nc4 Qh3 33. Nxa5 h5 34. Nc6 h4
35. Ne7+ Kf7 36. Nf5 Rh8 37. g4 Bf6 38. Ra1 Rb8 39. Ra3 Qxa3 40. bxa3 1-0

[Event "World Blitz 2015"]
[Site "Berlin GER"]
[Date "2015.10.14"]
[Round "20.56"]
[White "Papin, Vasily"]
[Black "Nikolic, Predrag"]
[Result "1/2-1/2"]
[WhiteTitle "GM"]
[BlackTitle "GM"]
[WhiteElo "2502"]
[BlackElo "2603"]
[WhiteFideId "4143183"]
[BlackFideId "14400014"]
[EventDate "2015.10.13"]

1. c4 e5 2. g3 Nf6 3. Bg2 c6 4. d4 e4 5. d5 Bb4+ 6. Bd2 Bxd2+ 7. Qxd2 O-O 8. Nc3
Re8 9. e3 d6 10. h3 cxd5 11. cxd5 Na6 12. g4 Nc5 13. g5 Nfd7 14. h4 Ne5 15. Nxe4
Ned3+ 16. Kf1 Nxe4 17. Qxd3 Bf5 18. Qe2 Rc8 19. Qe1 Rc2 20. Ne2 Rxb2 21. Rh2 Qb6
22. Bxe4 Bxe4 23. Nc3 Bxd5 24. Nxd5 Qb5+ 25. Kg1 Qxd5 26. a3 Re4 27. Rg2 Rc4 28.
Rd1 Qe6 29. Qa5 g6 30. Qxa7 Rg4 31. Qb8+ Kg7 32. Qxd6 Rxg2+ 33. Kxg2 Qg4+ 34.
Qg3 Qe4+ 35. Qf3 Qxf3+ 36. Kxf3 Rb3 37. Ra1 h6 38. gxh6+ Kxh6 39. Kg3 Kh5 40.
Rd1 Rxa3 41. Rd7 Kh6 42. Rxf7 b5 43. Rb7 Rb3 44. Rb6 Kg7 45. Kg4 Rb1 46. e4 b4
47. Kg5 Rg1+ 48. Kf4 Rb1 49. Rb5 b3 50. h5 gxh5 51. Rxh5 Rf1 52. Rg5+ Kh6 53.
Rb5 Rxf2+ 54. Ke3 Rh2 55. Kd4 b2 56. Kc3 Kg6 57. Rxb2 Rxb2 58. Kxb2 Kf6 59. Kc3
Ke5 60. Kd3 Ke6 61. Kd4 Kd6 62. e5+ Ke6 63. Ke4 Ke7 64. Kd5 Kd7 65. e6+ Ke7 66.
Ke5 Ke8 67. Kd6 Kd8 68. e7+ 1/2-1/2

[Event "World Blitz 2015"]
[Site "Berlin GER"]
[Date "2015.10.14"]
[Round "20.57"]
[White "Shabalov, Alexander"]
[Black "Grigoriants, Sergey"]
[Result "0-1"]
[WhiteTitle "GM"]
[BlackTitle "GM"]
[WhiteElo "2522"]
[BlackElo "2603"]
[WhiteFideId "2008572"]
[BlackFideId "4130804"]
[EventDate "2015.10.13"]

1. Nf3 Nf6 2. d4 d5 3. e3 e6 4. Bd3 c5 5. b3 Nc6 6. O-O Bd6 7. Bb2 O-O 8. Nbd2
Qe7 9. a3 e5 10. dxc5 Bxc5 11. e4 d4 12. b4 Bb6 13. Nc4 Bc7 14. b5 Na5 15. Nfxe5
Bxe5 16. Nxa5 Qc7 17. f4 Bxf4 18. Rxf4 Qxf4 19. Bxd4 Be6 20. Qe2 Ng4 21. g3 Qc7
22. Nb3 Ne5 23. Nc5 Rad8 24. Nxe6 fxe6 25. Bxe5 Qxe5 26. Re1 Qc5+ 27. Kh1 Qxa3
28. e5 Qc5 29. Qh5 Rxd3 30. cxd3 Qxb5 31. Qg4 Qd5+ 32. Kg1 a5 33. Rc1 Qxe5 34.
Kg2 b5 35. h4 a4 36. d4 Qd5+ 37. Kh3 a3 0-1

[Event "World Blitz 2015"]
[Site "Berlin GER"]
[Date "2015.10.14"]
[Round "20.58"]
[White "Ganguly, Surya Shekhar"]
[Black "Halkias, Stelios"]
[Result "1-0"]
[WhiteTitle "GM"]
[BlackTitle "GM"]
[WhiteElo "2652"]
[BlackElo "2534"]
[WhiteFideId "5002150"]
[BlackFideId "4201809"]
[EventDate "2015.10.13"]

1. e4 c5 2. Nf3 Nc6 3. Nc3 Nf6 4. Bb5 Qc7 5. O-O a6 6. Bxc6 dxc6 7. e5 Nd5 8.
Ne4 b6 9. c4 Nb4 10. d4 Bf5 11. Re1 Bxe4 12. Rxe4 a5 13. a3 Na6 14. d5 cxd5 15.
cxd5 Rd8 16. Bf4 Qd7 17. e6 fxe6 18. Ne5 Qb5 19. Qh5+ g6 20. Nxg6 hxg6 21. Qxg6+
Kd7 22. Qxe6+ Ke8 23. d6 Rd7 24. Rae1 Qxb2 25. Be5 Qxa3 26. Qg6+ Kd8 27. dxe7+
Bxe7 28. Qxb6+ Ke8 29. Bxh8 Nb4 30. Qg6+ Kd8 31. Rxe7 Rxe7 32. Qd6+ Rd7 33. Bf6+
Kc8 34. Re8+ Kb7 35. Rb8+ 1-0

[Event "World Blitz 2015"]
[Site "Berlin GER"]
[Date "2015.10.14"]
[Round "20.59"]
[White "Lagarde, Maxime"]
[Black "Abel, Dennes"]
[Result "1-0"]
[WhiteTitle "GM"]
[BlackTitle "IM"]
[WhiteElo "2550"]
[BlackElo "2441"]
[WhiteFideId "662399"]
[BlackFideId "24605417"]
[EventDate "2015.10.13"]

1. e4 c6 2. c4 d5 3. exd5 cxd5 4. cxd5 Nf6 5. Nc3 Nxd5 6. Nf3 Nc6 7. Bb5 Nb6 8.
O-O Bd7 9. d4 e6 10. Re1 Ne7 11. Bd3 Ned5 12. Ne5 Bc6 13. Qh5 g6 14. Qh3 Bg7 15.
Ne4 O-O 16. Ng5 Nf6 17. Be3 Nbd5 18. Rad1 Nxe3 19. fxe3 h6 20. Nxe6 fxe6 21.
Qxe6+ Kh7 22. Nxg6 Re8 23. Ne5+ Be4 24. Bxe4+ Nxe4 25. Qf5+ Kg8 26. Qxe4 Qg5 27.
Qd5+ Kh7 28. Qe4+ Kg8 29. Qd5+ Kh7 30. Qxb7 Rab8 31. Qe4+ Kg8 32. b3 Rbd8 33.
Qf4 Qh5 34. Nf3 Rf8 35. Qg3 Rde8 36. e4 Kh8 37. e5 Rc8 38. Rd2 Rc3 39. Rf1 Rg8
40. Qh4 Qg6 41. Kh1 Rf8 42. Qg3 Qe4 43. Rdf2 a5 44. h3 a4 45. bxa4 Ra3 46. Qg4
Qe3 47. e6 Rxa4 48. Qg6 Rxd4 49. Ng5 1-0

[Event "World Blitz 2015"]
[Site "Berlin GER"]
[Date "2015.10.14"]
[Round "20.60"]
[White "Bezold, Michael"]
[Black "Teske, Henrik"]
[Result "1/2-1/2"]
[WhiteTitle "GM"]
[BlackTitle "GM"]
[WhiteElo "2509"]
[BlackElo "2475"]
[WhiteFideId "4601718"]
[BlackFideId "4611500"]
[EventDate "2015.10.13"]

1. c4 Nf6 2. g3 c6 3. Bg2 e5 4. d4 exd4 5. Qxd4 d5 6. Nf3 dxc4 7. Qxc4 Be6 8.
Qc2 Na6 9. a3 Nc5 10. Nbd2 a5 1/2-1/2

[Event "World Blitz 2015"]
[Site "Berlin GER"]
[Date "2015.10.14"]
[Round "20.61"]
[White "Rakhmanov, Aleksandr"]
[Black "Shchekachev, Andrei"]
[Result "1-0"]
[WhiteTitle "GM"]
[BlackTitle "GM"]
[WhiteElo "2637"]
[BlackElo "2531"]
[WhiteFideId "4173708"]
[BlackFideId "4107730"]
[EventDate "2015.10.13"]

1. c4 g6 2. Nc3 c5 3. g3 Bg7 4. Bg2 Nc6 5. d3 d6 6. Qd2 Qd7 7. b3 b6 8. Bb2 Bb7
9. Nd5 e5 10. e3 Nge7 11. Ne2 Nxd5 12. cxd5 Ne7 13. e4 O-O 14. f4 f5 15. O-O
Rae8 16. Rae1 fxe4 17. dxe4 Ba6 18. Rf2 Bxe2 19. Qxe2 exf4 20. Bxg7 Kxg7 21. e5
dxe5 22. Qxe5+ Kh6 23. Rxf4 Nf5 24. Qa1 Qg7 25. Qc1 Rxe1+ 26. Qxe1 g5 27. Re4
Nd4 28. h4 Qf6 29. Qe3 Kg7 30. hxg5 Qd6 31. Re7+ Kh8 32. Qe5+ Qxe5 33. Rxe5 Kg7
34. d6 Rd8 35. Re7+ Kg6 36. d7 Kxg5 37. Rxh7 Kf6 38. Bh3 Nf3+ 39. Kg2 Ng5 40.
Rh6+ Kg7 41. Rd6 Nxh3 42. Kxh3 Kf7 43. Kg4 Ke7 44. Rd2 Rxd7 45. Rxd7+ Kxd7 46.
Kf5 Ke7 47. Ke5 1-0